000 00361nam a2200145 i 4500
001 bg
100 1 _aZAGAL'SKAJA, J.
245 0 _aGeometriceskaja kristallografija /
_cJ. Zagal'skaja, G. Litvinskaja.
260 _aMoskva,
_c1973.
700 1 _aLITVINSKAJA, G.
040 _cBPK
041 _apol
942 _cKS
008 s pl f |000 0 pol
999 _c26072
_d26072